000 01603cam a2200373 a 4500
001 12412264
003 OSt
005 20140310181637.0
008 010517s2002 cau b 001 0 eng
010 _a 2001002905
020 _a0761978372 (cloth : alk. paper)
020 _a0761978380 (pbk. : alk. paper)
040 _aDLC
_cDLC
_dDLC
050 0 0 _aPE 1128
_b.K87 2002
082 0 0 _aTR 428.0071
_bK84 2002
100 1 _aKottler, Ellen.
_9492
245 1 0 _aChildren with limited English :
_bteaching strategies for the regular classroom /
_cEllen Kottler, Jeffrey A. Kottler.
250 _a2nd ed.
260 _aThousand Oaks, Calif. :
_bCorwin Press,
_cc2002.
300 _ax, 141 p. ;
_c24 cm.
521 _aFaculty
541 _j1
562 _eIn circulation. One copy available in the collection
650 0 _aEnglish language
_xStudy and teaching
_xForeign speakers.
_9493
650 0 _aChildren of immigrants
_xEducation
_zLanguage arts.
_9494
650 0 _aLanguage and education.
_9495
700 1 _aKottler, Jeffrey A.
_9496
856 4 2 _3Publisher description
_uhttp://www.loc.gov/catdir/enhancements/fy0658/2001002905-d.html
856 4 1 _3Table of contents only
_uhttp://www.loc.gov/catdir/enhancements/fy0658/2001002905-t.html
856 4 2 _3Contributor biographical information
_uhttp://www.loc.gov/catdir/enhancements/fy0735/2001002905-b.html
906 _a7
_bcbc
_corignew
_d1
_eecip
_f20
_gy-gencatlg
942 _2lcc
_cBK-TR
_kTR
999 _c731
_d731